00535nam a2200157 u 450000100100000000500170001000800410002704000250006808200180009310000260011124500790013726000360021630000260025250000630027865000360034100000272520200929150238.0090703s1984 dr a r 000 0 spa d aDO-SdBNPbspacBNPHU a332.75bT233a1 aTaveras, Juan Manuel.13aEl asesinato de un banco :bbanco de Santo Domingo /cJuan Manuel Taveras. aSanto Domingo :bTaller,c1984. a263p. :bil. ;c23cm. aIncluye datos biográficos del autor en la contracubierta 4aBanco de santo domingobQUIEBRA